Cómo ayudar a niños y adolescentes con trastornos del lenguaje : claves prácticas para padres, docentes y profesionales

Alrededor del 10% de los niños y adolescentes presentan distintas dificultades de lenguaje y comunicación, que afectan su calidad de vida por las repercusiones cognitivas, emocionales y sociales que ellas conllevan. En esta obra, diecisiete expertos en el tema proponen recursos sencillos. Fáciles de...

Full description

Bibliographic Details
Main Author: Soprano, Ana María
Format: Libro
Language:Spanish
Published: Buenos Aires : Liberería Akadia, 2021.
Subjects:
Online Access:

MARC

LEADER 00000nam a22000007a 4500
003 UAHC
005 20230728121325.0
008 230728s2021 ag |||| |||| 00| 0 spa d
020 |a 9789875704527 
035 |a CENTRAL 
040 |a UAHC  |c UAHC 
082 |a 371.914  |b SO712 
100 |9 18481  |a Soprano, Ana María 
245 |a Cómo ayudar a niños y adolescentes con trastornos del lenguaje :   |b claves prácticas para padres, docentes y profesionales  |c Ana María Soprano compiladora-autora. 
260 |a Buenos Aires :  |b Liberería Akadia,  |c 2021. 
300 |a 233 páginas. 
520 |a Alrededor del 10% de los niños y adolescentes presentan distintas dificultades de lenguaje y comunicación, que afectan su calidad de vida por las repercusiones cognitivas, emocionales y sociales que ellas conllevan. En esta obra, diecisiete expertos en el tema proponen recursos sencillos. Fáciles de aplicar tanto en el hogar como en la escuela, en vistas de lograr un mejor futuro y una mejor inserción de esta población en el mundo actual. Además al finalizar cada capítulo se ofrece una selección de sitios web y libros para ampliar la información 
650 0 |9 16590  |a Trastorno del desarrollo del lenguaje en niños 
650 0 |9 7037  |a Trastornos del lenguaje en niños 
650 0 |9 18482  |a Trastornos del lenguaje en adolescentes 
900 |a 371.914 SOP 
942 |2 ddc  |c BK 
952 |0 0  |1 0  |4 0  |6 371_914000000000000_SOP  |7 0  |8 BAS  |9 98624  |a BC  |b BC  |c General  |d 2023-07-31  |e Compra  |g 15632.00  |l 0  |o 371.914 SOP  |p 1472020  |r 2026-01-13 00:00:00  |t 1  |w 2023-07-31  |x OC: 2269 / Factura Buscalibre Nº 208933  |y BK  |z También lo encuentras en bibliografias.academia.cl  |A BDNA  |B PEDIF 
952 |0 0  |1 0  |2 ddc  |4 0  |6 371_914000000000000_SOP  |7 0  |8 BAS  |9 98625  |a BC  |b BC  |c General  |d 2023-07-31  |e Compra  |g 15632.00  |l 0  |o 371.914 SOP  |p 1472021  |r 2026-01-13 00:00:00  |t 2  |w 2023-07-31  |x OC: 2269 / Factura Buscalibre Nº 208933  |y BK  |z También lo encuentras en bibliografias.academia.cl  |A BDNA  |B PEDIF 
952 |0 0  |1 0  |2 ddc  |4 0  |6 371_914000000000000_SOP  |7 0  |8 BAS  |9 98626  |a BC  |b BC  |c General  |d 2023-07-31  |e Compra  |g 15632.00  |l 0  |o 371.914 SOP  |p 1472022  |r 2026-01-13 00:00:00  |t 3  |w 2023-07-31  |x OC: 2269 / Factura Buscalibre Nº 208933  |y BK  |z También lo encuentras en bibliografias.academia.cl  |A BDNA  |B PEDIF 
999 |c 61043  |d 61043